Peripheral artery disease : (Record no. 998)

MARC details
000 -LEADER
fixed length control field 01376nam a2200241 a 4500
005 - DATE AND TIME OF LATEST TRANSACTION
control field 20260322212042.0
008 - FIXED-LENGTH DATA ELEMENTS--GENERAL INFORMATION
fixed length control field data
099 ## - LOCAL FREE-TEXT CALL NUMBER (OCLC)
Classification number DVD WB 541 P475
001 - CONTROL NUMBER
control field data
245 00 - TITLE STATEMENT
Title Peripheral artery disease :
Remainder of title staying on your feet /
Statement of responsibility, etc. edited by Leisa Fisicaro & Films for the Humanities & Sciences (Firm).
246 ## - VARYING FORM OF TITLE
Title proper/short title Staying on your feet; Healthy body, healthy mind (Television program)
260 ## - PUBLICATION, DISTRIBUTION, ETC.
Place of publication, distribution, etc. Princeton, NJ :
Name of publisher, distributor, etc. Films for the Humanities & Sciences,
Date of publication, distribution, etc. 2004.
300 ## - PHYSICAL DESCRIPTION
Extent Videorecording : Videodisc 1 videodisc (28 min.) : sd., col. ;
Other physical details 4 3/4 in.
500 ## - GENERAL NOTE
General note Title from disc label./ Originally broadcast as a segment of: Healthy body, healthy mind.
520 3# - SUMMARY, ETC.
Summary, etc. "Peripheral Arterial Disease or PAD is an often misdiagnosed vascular disease which causes leg pain due to poor circulation, sometimes resulting in years of discomfort for many patients. This program raises awareness of PAD and simple diagnostic testing. If detected in the early stages, patients can be treated successfully and once again, live their lives pain free"--Information Television Network webpage (http://www.itvisus.com/
650 #2 - SUBJECT ADDED ENTRY--TOPICAL TERM
Topical term or geographic name entry element Peripheral Vascular Diseases
650 #0 - SUBJECT ADDED ENTRY--TOPICAL TERM
Topical term or geographic name entry element Peripheral circulation.
650 #2 - SUBJECT ADDED ENTRY--TOPICAL TERM
Topical term or geographic name entry element Blood Vessels
General subdivision diseases
650 #2 - SUBJECT ADDED ENTRY--TOPICAL TERM
Topical term or geographic name entry element Veins
General subdivision diseases
650 #2 - SUBJECT ADDED ENTRY--TOPICAL TERM
Topical term or geographic name entry element Atherosclerosis
700 1# - ADDED ENTRY--PERSONAL NAME
Personal name Fisicaro, Leisa.
710 2# - ADDED ENTRY--CORPORATE NAME
Corporate name or jurisdiction name as entry element Films for the Humanities & Sciences (Firm)
Holdings
Withdrawn status Lost status Damaged status Not for loan Home library Current library Shelving location Date acquired Total checkouts Full call number Barcode Date last seen Price effective from Koha item type
        Franklin Franklin General stacks 22/03/2026   GEN BC0011031 22/03/2026 22/03/2026 Books